| 000 | 01759cam a22004214i 4500 | ||
|---|---|---|---|
| 003 | PE-LiUPU | ||
| 005 | 20250731173222.0 | ||
| 008 | 150625s1987 ph r 0o0 0 eng d | ||
| 035 | _a(Sirsi) a33772 | ||
| 040 |
_aPE-LiUPU _bspa _cPE-LiUPU _erda |
||
| 082 | 0 | 4 |
_a221.07 _bOTL _221 |
| 100 | 1 |
_aCrenshaw, James L., _eautor. |
|
| 245 | 1 | 0 |
_aEcclesiastes. _n21 / _cJames L. Crenshaw. |
| 264 | 1 |
_aPhiladelphia : _bThe Westminster press, _c1987. |
|
| 300 |
_a192 páginas ; _c23 centímetros |
||
| 336 |
_atext _2rdacontent |
||
| 337 |
_aunmediated _2rdamedia |
||
| 338 |
_avolume _2rdacarrier |
||
| 490 | 1 | _aThe Old Testament Library | |
| 505 | 0 | _aThe superscription -- Motto and Thematic statement -- Nothing new under the sun -- The royal experiment -- A time for the oppressed -- Proverbial insinghts about toil and its opposite -- The advantages of companionship -- The fickle crowd -- Religious obligations -- The disappointments of wealth -- A transitional unit -- A collection of Proverrbs -- On moderation. | |
| 526 | _aSEG42 | ||
| 526 | _aSEG41 | ||
| 526 | _aSEG40 | ||
| 526 | _aSEG39 | ||
| 526 | _aP94 | ||
| 526 | _aP87 | ||
| 526 | _aP86 | ||
| 526 | _aP85 | ||
| 526 | _aP77 | ||
| 526 | _aP76 | ||
| 526 | _aP35 | ||
| 630 |
_aBiblia. _pA.T. _pEclesiastés _xComentarios. |
||
| 942 |
_2ddc _cBOOK |
||
| 949 |
_a221.07 OTL 21 _wDEWEY _c1 _i37804 _lCCODEBUL1 _mBUL _p20.00 _r0 _sY _tBOOK _u2015-06-25 _xTEOLOGIA _zUNKNOWN _0COMPRA _o.STAFF. Colección Teología |
||
| 596 | _a1 | ||
| 999 |
_a221.07 OTL 21 _wDEWEY _c41556 _i37804 _d41556 _e2017-10-5 _f2021-11-11 _g5 _lCCODEBUL1 _mBUL _n1 _p20.00 _q2 _r0 _sY _tBOOK _u2015-6-25 _xTEOLOGIA _PP35 _0COMPRA _o.STAFF. Colección Teología |
||
| 980 |
_81 _gALBERTO SANCHEZ Responsable de Automatización |
||